000 00381nam a2200145Ia 4500
008 230711s9999||||xx |||||||||||||| ||und||
041 _aENG
082 _a621
_bHO-E
100 _aHornemann,Ernst
245 0 _aElectrical power engineering proficiency course
250 _a1st
260 _c1988
_aNew Delhi
_bWiley Eastern Limited
650 _aElectrical Engineering
942 _cBK
999 _c2382
_d2382